[Event "Westerndorf St.Peter/Rosenheim"]
[Site "Westerndorf St.Peter/Rosenheim"]
[Date "2015.08.23"]
[Round "3.14"]
[White "Oberhofer, Cédric"]
[Black "Lederle, Vitus"]
[Result "1-0"]
[WhiteElo "2125"]
[BlackElo "2215"]
[PlyCount "97"]
[EventDate "2015.??.??"]
[WhiteTeam "SC Bavaria Regensburg 1881"]
[BlackTeam "SC Dillingen"]

1. e4 c5 2. Nf3 e6 3. d4 cxd4 4. Nxd4 Qb6 5. Nb3 Qc7 6. Bd3 a6 7. O-O Nf6 8.
Nc3 d6 9. Be3 Be7 10. f4 Nc6 11. Qf3 O-O 12. Rae1 b5 13. g4 b4 14. Ne2 Bb7 15.
g5 Nd7 16. Qh5 g6 17. Qh6 Rfe8 18. Rf3 Bf8 19. Qh4 Bg7 20. Rh3 Nf8 21. f5 exf5
22. exf5 Rxe3 23. Rxe3 Qb6 24. Qf2 Bxb2 25. fxg6 hxg6 26. Rf1 Ne5 27. h3 Ne6
28. Rg3 Qc6 29. Kh2 Qc7 30. Nbd4 Nxd4 31. Nxd4 Qc5 32. Ne2 Qa5 33. h4 Qxa2 34.
Nf4 Qa4 35. h5 Qe8 36. Qb6 Nxd3 37. cxd3 Rb8 38. hxg6 fxg6 39. Qxb4 Be5 40.
Qc4+ Qf7 41. Qxf7+ Kxf7 42. d4 Bxf4 43. Rxf4+ Kg7 44. Rf6 Be4 45. Rxd6 a5 46.
Rc3 Rb7 47. Ra6 Rd7 48. Rxa5 Rxd4 49. Ra7+ 1-0

[Event "Westerndorf St.Peter/Rosenheim"]
[Site "Westerndorf St.Peter/Rosenheim"]
[Date "2015.08.23"]
[Round "3.15"]
[White "Kolb, Wolfgang"]
[Black "Graf, Christian"]
[Result "1/2-1/2"]
[WhiteElo "2067"]
[BlackElo "2133"]
[PlyCount "25"]
[EventDate "2015.??.??"]
[WhiteTeam "SK Königsbrunn"]
[BlackTeam "SU Ebersberg-Grafing"]

1. c4 c6 2. Nf3 d5 3. e3 Nf6 4. Qc2 g6 5. b3 Bg7 6. Bb2 Bf5 7. d3 Na6 8. a3 O-O
9. Nc3 Rc8 10. Rd1 Bg4 11. Be2 dxc4 12. dxc4 Qc7 13. O-O 1/2-1/2

[Event "Westerndorf St.Peter/Rosenheim"]
[Site "Westerndorf St.Peter/Rosenheim"]
[Date "2015.08.23"]
[Round "3.16"]
[White "Schewzow, Juri"]
[Black "Basener, Winfried"]
[Result "0-1"]
[WhiteElo "1758"]
[BlackElo "2148"]
[PlyCount "108"]
[EventDate "2015.??.??"]
[WhiteTeam "SG Vogtareuth-Prutting"]
[BlackTeam "SC Neuhausen 1908"]

1. d4 Nf6 2. c4 e6 3. Nf3 Bb4+ 4. Bd2 Qe7 5. a3 Bxd2+ 6. Nbxd2 d6 7. e4 e5 8.
d5 a5 9. b4 O-O 10. Be2 Bg4 11. O-O Nfd7 12. Qc2 Na6 13. Rfb1 axb4 14. axb4
Nxb4 15. Qb3 Na6 16. Qxb7 Ndc5 17. Qb2 f5 18. h3 Bxf3 19. Bxf3 fxe4 20. Bxe4
Qh4 21. f3 Qf4 22. Qc3 Nd7 23. Ra5 Nac5 24. Rba1 Rxa5 25. Rxa5 Nf6 26. Qc2 g6
27. Ra3 Kg7 28. Kh1 Nh5 29. Ra1 Ng3+ 30. Kg1 Qe3+ 31. Kh2 Qf4 32. Kg1 Ne2+ 33.
Kh1 Qe3 34. Qd1 Ng3+ 35. Kh2 Qf4 36. Kg1 Qe3+ 37. Kh2 Ngxe4 38. Nxe4 Nxe4 39.
fxe4 Qf4+ 40. Kh1 Qxe4 41. Rc1 Rf2 42. Qg1 Qf4 43. Qe1 Qg3 44. Qe4 Qf4 45. Qe1
Rd2 46. Kg1 Qd4+ 47. Kh1 Qf2 48. Qe4 Re2 49. Qg4 h5 50. Qg5 Qf6 51. Qg3 Qf4 52.
Qc3 Qe4 53. Qg3 Re3 54. Qh2 Re1+ 0-1

[Event "Westerndorf St.Peter/Rosenheim"]
[Site "Westerndorf St.Peter/Rosenheim"]
[Date "2015.08.23"]
[Round "3.17"]
[White "Hinterreiter, Markus"]
[Black "Kretschel, Klaus"]
[Result "1/2-1/2"]
[WhiteElo "2035"]
[BlackElo "2029"]
[PlyCount "123"]
[EventDate "2015.??.??"]
[WhiteTeam "TSV Trostberg"]
[BlackTeam "TuS Fürstenfeldbruck"]

1. e4 e5 2. Nf3 Nc6 3. Bc4 Bc5 4. c3 Nf6 5. d3 O-O 6. O-O a6 7. Nbd2 d6 8. Bb3
h6 9. Re1 Re8 10. Nf1 d5 11. exd5 Nxd5 12. d4 Bf8 13. dxe5 Be6 14. Nd4 Nxd4 15.
Qxd4 c6 16. Bf4 Qe7 17. Bg3 b5 18. Ne3 Nxe3 19. Qxe3 c5 20. Bc2 g6 21. Be4 Ra7
22. f4 Rc8 23. Bf2 Rd7 24. a4 b4 25. cxb4 cxb4 26. Rac1 Rdc7 27. Red1 Rxc1 28.
Rxc1 Rxc1+ 29. Qxc1 Qd7 30. a5 b3 31. Qc3 Qa4 32. Qd3 Qxa5 33. h3 Qa1+ 34. Qb1
Qxb1+ 35. Bxb1 a5 36. Kf1 Bc4+ 37. Ke1 Bb4+ 38. Kd1 Bd5 39. g3 a4 40. h4 Bf3+
41. Kc1 Kf8 42. f5 gxf5 43. Bxf5 h5 44. Be3 Ke8 45. Bd3 a3 46. bxa3 Bxa3+ 47.
Kb1 Bd5 48. Bf5 Be6 49. Bxe6 fxe6 50. Bc1 Bc5 51. Kb2 Bd4+ 52. Kxb3 Bxe5 53.
Bf4 Bxf4 54. gxf4 Kf7 55. Kc4 Kf6 56. Kc5 Kf5 57. Kd6 Kxf4 58. Kxe6 Kg4 59. Ke5
Kxh4 60. Kf4 Kh3 61. Kf3 Kh2 62. Kf2 1/2-1/2

[Event "Westerndorf St.Peter/Rosenheim"]
[Site "Westerndorf St.Peter/Rosenheim"]
[Date "2015.08.24"]
[Round "4.1"]
[White "Knoblauch, Leonhard"]
[Black "Manakov, Ilya"]
[Result "1/2-1/2"]
[WhiteElo "2136"]
[BlackElo "2340"]
[PlyCount "48"]
[EventDate "2015.??.??"]
[WhiteTeam "SV Ilmmünster"]
[BlackTeam "TV Tegernsee"]

1. e4 e6 2. d4 d5 3. Nc3 Nf6 4. e5 Nfd7 5. f4 c5 6. Nf3 Nc6 7. Be3 Be7 8. Qd2
O-O 9. Nd1 cxd4 10. Nxd4 Nxd4 11. Bxd4 f6 12. Bd3 fxe5 13. fxe5 Nc5 14. Nf2 Bd7
15. O-O Qc7 16. Nh3 Nxd3 17. cxd3 b6 18. Rac1 Qb7 19. Be3 Rxf1+ 20. Rxf1 Rf8
21. Rxf8+ Bxf8 22. Qf2 Qc8 23. Nf4 Be8 24. h4 Bf7 1/2-1/2

[Event "Westerndorf St.Peter/Rosenheim"]
[Site "Westerndorf St.Peter/Rosenheim"]
[Date "2015.08.24"]
[Round "4.2"]
[White "Baldauf, Marco"]
[Black "Schelle, Artur"]
[Result "1-0"]
[WhiteElo "2413"]
[BlackElo "2204"]
[PlyCount "103"]
[EventDate "2015.??.??"]
[WhiteTeam "SG Pang-Rosenheim 1910"]
[BlackTeam "SC Tarrasch 45 München"]

1. d4 g6 2. c4 f5 3. Nc3 Nf6 4. h4 Bg7 5. h5 Nxh5 6. e4 fxe4 7. Rxh5 gxh5 8.
Qxh5+ Kf8 9. Bh6 d6 10. Nxe4 Qd7 11. Bxg7+ Kxg7 12. Qg5+ Kf7 13. Be2 Rg8 14.
Qh6 Rg7 15. Ng5+ Kg8 16. Bd3 e6 17. O-O-O Qe7 18. N1f3 Nd7 19. Nxe6 Nf8 20.
Nxg7 Qxg7 21. Qh4 Bd7 22. Re1 Re8 23. Rxe8 Bxe8 24. Qg5 Bg6 25. Bxg6 hxg6 26.
Qd5+ Qf7 27. Qxf7+ Kxf7 28. Kd2 Kf6 29. Ke3 c6 30. Ke4 a5 31. b3 Nd7 32. Nh2
Kg5 33. Nf3+ Kf6 34. Nh2 Kg5 35. g3 Nf6+ 36. Ke3 Nd7 37. f4+ Kf6 38. Ke4 Kf7
39. Ng4 a4 40. b4 Ke6 41. d5+ Ke7 42. a3 Nb6 43. Ne3 Nd7 44. g4 Nf6+ 45. Kd4
Kd7 46. g5 Nh5 47. Ke4 Ng3+ 48. Kf3 Nh5 49. Kg4 Ng7 50. f5 gxf5+ 51. Nxf5 Ne8
52. g6 1-0

[Event "Westerndorf St.Peter/Rosenheim"]
[Site "Westerndorf St.Peter/Rosenheim"]
[Date "2015.08.24"]
[Round "4.3"]
[White "Schmid, Roland"]
[Black "Hofstetter, Hans-Joachim"]
[Result "1-0"]
[WhiteElo "2326"]
[BlackElo "2180"]
[PlyCount "47"]
[EventDate "2015.??.??"]
[WhiteTeam "SG Post/Süd Regensburg"]
[BlackTeam "SK 1933 Bad Neustadt"]

1. d4 Nf6 2. c4 e6 3. Nc3 Bb4 4. f3 c5 5. d5 O-O 6. e4 d6 7. Nge2 exd5 8. cxd5
b5 9. Ng3 Nbd7 10. Bxb5 Qa5 11. Be2 c4 12. Nf5 Re8 13. O-O Ne5 14. Nd4 Nd3 15.
Bxd3 cxd3 16. Nc6 Qc5+ 17. Kh1 Bxc3 18. bxc3 Qxc3 19. Bd2 Qb2 20. Bb4 Nxd5 21.
exd5 Re2 22. Qb3 Bh3 23. Qxb2 Bxg2+ 24. Kg1 1-0

[Event "Westerndorf St.Peter/Rosenheim"]
[Site "Westerndorf St.Peter/Rosenheim"]
[Date "2015.08.24"]
[Round "4.4"]
[White "Miller, Eduard"]
[Black "Knechtel, Roland"]
[Result "1-0"]
[WhiteElo "2207"]
[BlackElo "2264"]
[PlyCount "93"]
[EventDate "2015.??.??"]
[WhiteTeam "SC Erlangen 48/88"]
[BlackTeam "SV Röhrnbach"]

1. d4 g6 2. c4 Bg7 3. e4 d6 4. Nc3 e5 5. d5 f5 6. exf5 gxf5 7. Qh5+ Kf8 8. Nh3
Nf6 9. Qh4 h6 10. f4 e4 11. Be2 Na6 12. Be3 Bd7 13. Nf2 Nc5 14. Bd4 a5 15. Nfd1
Rg8 16. Ne3 Ng4 17. Qxd8+ Rxd8 18. Bxg7+ Rxg7 19. Bxg4 fxg4 20. Kd2 Rf7 21. g3
h5 22. b3 Kg7 23. Rae1 Kf6 24. Ned1 Bf5 25. Nf2 Re7 26. Re3 Rh8 27. h4 gxh3 28.
Nxh3 Bxh3 29. Rxh3 Kf5 30. Ne2 h4 31. Rxh4 Rxh4 32. gxh4 Nd3 33. Rg3 Rh7 34.
Rg5+ Kf6 35. Ng3 Nc5 36. h5 Kf7 37. Ke3 Kf8 38. Rg6 a4 39. bxa4 Nxa4 40. Kxe4
Nc3+ 41. Kf5 Nd1 42. Rf6+ Kg8 43. h6 Ne3+ 44. Kg5 Nxc4 45. Kg6 Rd7 46. Re6 Rd8
47. Nh5 1-0

[Event "Westerndorf St.Peter/Rosenheim"]
[Site "Westerndorf St.Peter/Rosenheim"]
[Date "2015.08.24"]
[Round "4.5"]
[White "Kleibel, Uwe"]
[Black "Liepold, Stefan"]
[Result "1/2-1/2"]
[WhiteElo "2195"]
[BlackElo "2252"]
[PlyCount "73"]
[EventDate "2015.??.??"]
[WhiteTeam "SV Röhrnbach"]
[BlackTeam "SC Erlangen 48/88"]

1. e4 e6 2. d4 d5 3. Nd2 c5 4. Ngf3 a6 5. dxc5 Bxc5 6. Bd3 Ne7 7. O-O Nbc6 8.
exd5 Nxd5 9. Ne4 Be7 10. c4 Nf6 11. Qe2 Nxe4 12. Bxe4 O-O 13. Bf4 f5 14. Rad1
Qb6 15. Bb1 Qc5 16. a3 b5 17. cxb5 Qxb5 18. Bd3 Qb6 19. Bc4 Na5 20. Ba2 Kh8 21.
Rfe1 Nb3 22. Ng5 Bxg5 23. Bxg5 Rb8 24. Qe5 Qb5 25. Qd6 Re8 26. Re5 Qb6 27. Qxb6
Rxb6 28. Rd3 Na1 29. b4 Rc6 30. Re1 Nc2 31. Rc1 Bb7 32. Bb1 h6 33. Bd2 Rec8 34.
Bxc2 Rxc2 35. Rxc2 Rxc2 36. f3 Bd5 37. Kf2 1/2-1/2

[Event "Westerndorf St.Peter/Rosenheim"]
[Site "Westerndorf St.Peter/Rosenheim"]
[Date "2015.08.24"]
[Round "4.6"]
[White "Wisnet, Dominic"]
[Black "Schatz, Christian"]
[Result "1-0"]
[WhiteElo "2249"]
[BlackElo "2168"]
[PlyCount "82"]
[EventDate "2015.??.??"]
[WhiteTeam "SV Röhrnbach"]
[BlackTeam "TSV 1869 Rottendorf"]

1. e4 Nf6 2. e5 Nd5 3. Nf3 d6 4. d4 Bg4 5. Be2 e6 6. O-O Be7 7. c4 Nb6 8. exd6
cxd6 9. a4 a5 10. d5 e5 11. Nfd2 Bxe2 12. Qxe2 O-O 13. f4 exf4 14. Nc3 N8d7 15.
Nde4 f5 16. Nxd6 Bxd6 17. Qe6+ Rf7 18. Qxd6 Nxc4 19. Qxf4 Qb6+ 20. Kh1 Nde5 21.
Nb5 Rc8 22. b3 Ng6 23. Qf2 Qf6 24. Bf4 Nxf4 25. Qxf4 Ne5 26. Qd2 f4 27. Rad1
Qg6 28. Nd4 Qe4 29. Nf3 Rc2 30. Qe1 Re2 31. Qxa5 Qg6 32. Qd8+ Rf8 33. Qg5 Qd6
34. Nd4 h6 35. Qh5 Rb2 36. Ne6 f3 37. gxf3 Nxf3 38. Rxf3 Rxf3 39. Rg1 Rf7 40.
Rc1 Rff2 41. Rc8+ Rf8 1-0

[Event "Westerndorf St.Peter/Rosenheim"]
[Site "Westerndorf St.Peter/Rosenheim"]
[Date "2015.08.24"]
[Round "4.7"]
[White "Großhans, Ralf-Michael"]
[Black "Heimrath, Reiner"]
[Result "1-0"]
[WhiteElo "2135"]
[BlackElo "2213"]
[PlyCount "117"]
[EventDate "2015.??.??"]
[WhiteTeam "SK Weidhausen 1989"]
[BlackTeam "SC Noris-Tarrasch Nürnberg 1873"]

1. e4 d6 2. d4 Nf6 3. Nc3 e5 4. dxe5 dxe5 5. Qxd8+ Kxd8 6. Bc4 Be6 7. Bxe6 fxe6
8. f3 Bd6 9. Nh3 Ke7 10. Nf2 Nc6 11. Bd2 a6 12. Nd3 h6 13. O-O-O Nh5 14. Ne2 b5
15. Be3 Rhf8 16. Rd2 Na5 17. b3 Nb7 18. Rhd1 g5 19. Kb1 Kf6 20. Nec1 Kg6 21. c3
Nf6 22. h3 h5 23. b4 a5 24. Nb3 axb4 25. cxb4 Nd8 26. Ndc5 g4 27. hxg4 hxg4 28.
Rh1 Kf7 29. Na5 Rg8 30. Kc2 Ke8 31. Kd1 gxf3 32. gxf3 Bxc5 33. Bxc5 Nd7 34. Bf2
Nf7 35. Ke2 Nd6 36. Rh7 Rc8 37. Nc6 Nf6 38. Re7+ Kf8 39. Rxe6 Nh5 40. Rxe5 Nf4+
41. Kd1 Kf7 42. Re7+ Kg6 43. Be3 Nc4 44. Bxf4 Nxd2 45. Kxd2 Ra8 46. Rxc7 Rxa2+
47. Ke3 Ra3+ 48. Kd4 Rh8 49. Be5 Rh1 50. f4 Rd1+ 51. Kc5 Re3 52. Rg7+ Kh5 53.
Ne7 Rxe4 54. Rg2 Rb1 55. Nd5 Rc4+ 56. Kxb5 Rc8 57. Rb2 Rbc1 58. Kb6 Rd1 59.
Rh2+ 1-0

[Event "Westerndorf St.Peter/Rosenheim"]
[Site "Westerndorf St.Peter/Rosenheim"]
[Date "2015.08.24"]
[Round "4.8"]
[White "Dehlinger, Alexander"]
[Black "Nagy, Laszlo"]
[Result "1-0"]
[WhiteElo "2258"]
[BlackElo "1950"]
[PlyCount "99"]
[EventDate "2015.??.??"]
[WhiteTeam "SC Garching 1980"]
[BlackTeam "SG Vogtareuth-Prutting"]

1. Nf3 d5 2. d4 Nf6 3. c4 e6 4. g3 Be7 5. Bg2 O-O 6. O-O b6 7. Nc3 Bb7 8. Ne5
Nbd7 9. Qa4 Nxe5 10. dxe5 Ne8 11. cxd5 exd5 12. Nxd5 Bxd5 13. Rd1 c6 14. e4 b5
15. Qc2 Nc7 16. exd5 cxd5 17. Be3 Rc8 18. Rac1 Qd7 19. Qd3 a6 20. Bxd5 Nxd5 21.
Qxd5 Qxd5 22. Rxd5 Rxc1+ 23. Bxc1 Rc8 24. Be3 Kf8 25. Kg2 Bb4 26. a3 Be7 27.
Rd7 b4 28. axb4 Bxb4 29. Bd4 Rc6 30. h3 h5 31. Kf3 g6 32. Ke4 Be1 33. Kd5 Rc8
34. e6 fxe6+ 35. Kxe6 Rc6+ 36. Rd6 Rxd6+ 37. Kxd6 Kf7 38. Ke5 Ke7 39. Be3 Kf7
40. Bc5 Ba5 41. Kd6 Be1 42. b4 a5 43. b5 a4 44. b6 a3 45. Bxa3 Bxf2 46. b7
Bxg3+ 47. Kd7 Bb8 48. Bd6 Ba7 49. Kc8 Ke6 50. Bc5 1-0

[Event "Westerndorf St.Peter/Rosenheim"]
[Site "Westerndorf St.Peter/Rosenheim"]
[Date "2015.08.24"]
[Round "4.9"]
[White "Straub, Jürgen"]
[Black "Stadler, Alexander"]
[Result "1/2-1/2"]
[WhiteElo "2202"]
[BlackElo "2079"]
[PlyCount "93"]
[EventDate "2015.??.??"]
[WhiteTeam "TSV Ingolstadt Nord"]
[BlackTeam "SV Röhrnbach"]

1. e4 d6 2. d4 Nf6 3. Nc3 e5 4. Nge2 Be7 5. g3 c6 6. a4 exd4 7. Nxd4 d5 8. e5
Ne4 9. Nxe4 dxe4 10. Be3 Qa5+ 11. Qd2 Qxe5 12. Bf4 Qd5 13. Bg2 Na6 14. f3 c5
15. Nb5 Qxd2+ 16. Kxd2 exf3 17. Bxf3 O-O 18. Rae1 Bf6 19. Kc1 g5 20. Bd6 Rd8
21. Be7 Bxe7 22. Rxe7 c4 23. Rhe1 Kf8 24. Bxb7 Bxb7 25. Rxb7 Nc5 26. Rc7 Rdc8
27. Ree7 Rxc7 28. Rxc7 Nxa4 29. Rxc4 Nb6 30. Rc5 h6 31. Rc7 Nd5 32. Rd7 Nf6 33.
Rxa7 Rxa7 34. Nxa7 Ng4 35. h4 Ne3 36. hxg5 hxg5 37. b4 Ke7 38. Nc6+ Kd6 39. Nd4
Kd5 40. Ne2 Kc4 41. Kd2 Nd5 42. c3 f5 43. b5 f4 44. gxf4 gxf4 45. Nxf4 Nxc3 46.
b6 Ne4+ 47. Ke3 1/2-1/2

[Event "Westerndorf St.Peter/Rosenheim"]
[Site "Westerndorf St.Peter/Rosenheim"]
[Date "2015.08.24"]
[Round "4.10"]
[White "Golder, Waldemar"]
[Black "Oberhofer, Cédric"]
[Result "1/2-1/2"]
[WhiteElo "2009"]
[BlackElo "2125"]
[PlyCount "56"]
[EventDate "2015.??.??"]
[WhiteTeam "FC Ergolding 1932"]
[BlackTeam "SC Bavaria Regensburg 1881"]

1. d4 Nf6 2. c4 c5 3. d5 e6 4. Nc3 exd5 5. cxd5 d6 6. e4 g6 7. Nf3 Bg7 8. Bd3
O-O 9. h3 b5 10. Nxb5 Re8 11. O-O Nxe4 12. Re1 Nf6 13. Rxe8+ Nxe8 14. Bg5 Bf6
15. Qd2 Bxg5 16. Nxg5 a6 17. Nc3 Nd7 18. Re1 Ne5 19. Bf1 Nf6 20. Qe3 Rb8 21. b3
Bb7 22. f4 Ned7 23. Qe7 Qxe7 24. Rxe7 h6 25. Bc4 Re8 26. Rxe8+ Nxe8 27. Nge4 f5
28. Ng3 Nb6 1/2-1/2

[Event "Westerndorf St.Peter/Rosenheim"]
[Site "Westerndorf St.Peter/Rosenheim"]
[Date "2015.08.24"]
[Round "4.11"]
[White "Häußler, Phillip"]
[Black "Schewzow, Juri"]
[Result "0-1"]
[WhiteElo "2105"]
[BlackElo "1758"]
[PlyCount "112"]
[EventDate "2015.??.??"]
[WhiteTeam "SK Bad Aibling"]
[BlackTeam "SG Vogtareuth-Prutting"]

1. Nf3 Nf6 2. d4 e6 3. c4 b6 4. Nc3 Bb7 5. a3 d5 6. cxd5 exd5 7. Bf4 c6 8. e3
Bd6 9. Ne5 Bxe5 10. dxe5 Ng8 11. Qg4 Kf8 12. h4 h5 13. Qf3 Qe7 14. O-O-O Nd7
15. e4 Nxe5 16. Qg3 f6 17. exd5 cxd5 18. Kb1 Rd8 19. Nb5 Nh6 20. Nd4 Nhf7 21.
Nf5 Qe6 22. Qxg7+ Ke8 23. Bb5+ Bc6 24. Qxh8+ Nxh8 25. Ng7+ Ke7 26. Nxe6 Kxe6
27. Bxc6 Nxc6 28. Rhe1+ Kf5 29. Bc7 Rd7 30. Re8 Ng6 31. Bg3 d4 32. f3 d3 33.
Re3 Nce5 34. f4 Nxf4 35. Bxf4 Kxf4 36. Rde1 Rd4 37. b3 d2 38. g3+ Kg4 39. Rd1
Nf3 40. Kc2 Kxg3 41. Re7 Kxh4 42. Rg7 Kh3 43. Rh1+ Nh2 44. Rd1 Nf3 45. Rh1+ Nh2
46. Rg6 Rd6 47. Kd1 a5 48. a4 h4 49. Kc2 d1=Q+ 50. Rxd1 Rxd1 51. Kxd1 Ng4 52.
Ke2 Kg3 53. Rg8 h3 54. Kf1 h2 55. Rh8 f5 56. Ke1 f4 0-1

[Event "Westerndorf St.Peter/Rosenheim"]
[Site "Westerndorf St.Peter/Rosenheim"]
[Date "2015.08.24"]
[Round "4.12"]
[White "Bilchinski, Anton"]
[Black "Herrmann, Michael"]
[Result "1/2-1/2"]
[WhiteElo "2276"]
[BlackElo "2095"]
[PlyCount "52"]
[EventDate "2015.??.??"]
[WhiteTeam "SK Krumbach"]
[BlackTeam "SK Freilassing"]

1. d4 d5 2. c4 c6 3. Nc3 Nf6 4. e3 a6 5. Nf3 Bf5 6. Ne5 Nbd7 7. Qb3 Ra7 8. cxd5
Nxe5 9. dxe5 Nxd5 10. e4 Nxc3 11. exf5 Nd5 12. e6 Qd6 13. exf7+ Kxf7 14. Be3
Ra8 15. Bc4 b5 16. Bxd5+ Qxd5 17. Qxd5+ cxd5 18. Ke2 g6 19. Rhd1 Rd8 20. g4 Bg7
21. Rd2 gxf5 22. gxf5 Rc8 23. Rad1 Rhd8 24. b3 e6 25. fxe6+ Kxe6 26. Rg1 Bf6
1/2-1/2

[Event "Westerndorf St.Peter/Rosenheim"]
[Site "Westerndorf St.Peter/Rosenheim"]
[Date "2015.08.24"]
[Round "4.13"]
[White "Schlichtmann, Robin"]
[Black "Kolb, Wolfgang"]
[Result "1/2-1/2"]
[WhiteElo "2162"]
[BlackElo "2067"]
[PlyCount "58"]
[EventDate "2015.??.??"]
[WhiteTeam "SK Bruckmühl"]
[BlackTeam "SK Königsbrunn"]

1. e4 c6 2. d4 d5 3. f3 dxe4 4. fxe4 e5 5. Nf3 Bg4 6. Bc4 Nd7 7. O-O Ngf6 8. c3
Bd6 9. Be3 O-O 10. Nbd2 Qc7 11. Qe1 Bxf3 12. Rxf3 Ng4 13. Bg5 exd4 14. cxd4 Qb6
15. Be3 Nxe3 16. Qxe3 Ne5 17. Rg3 Nxc4 18. Nxc4 Qd8 19. e5 Be7 20. Qh6 Qxd4+
21. Kh1 g5 22. Rxg5+ Bxg5 23. Qxg5+ Kh8 24. Qf6+ Kg8 25. Qg5+ Kh8 26. Qf6+ Kg8
27. Nd6 Rad8 28. Qg5+ Kh8 29. Qf6+ Kg8 1/2-1/2

[Event "Westerndorf St.Peter/Rosenheim"]
[Site "Westerndorf St.Peter/Rosenheim"]
[Date "2015.08.24"]
[Round "4.14"]
[White "Graf, Christian"]
[Black "Körber, Aljoscha"]
[Result "1/2-1/2"]
[WhiteElo "2133"]
[BlackElo "1940"]
[PlyCount "60"]
[EventDate "2015.??.??"]
[WhiteTeam "SU Ebersberg-Grafing"]
[BlackTeam "SC Garching 1980"]

1. e4 c5 2. c3 d5 3. exd5 Nf6 4. d4 Nxd5 5. dxc5 e6 6. Nf3 Bxc5 7. Bd3 Nc6 8.
O-O O-O 9. a3 a5 10. c4 Nf6 11. Bg5 h6 12. Bh4 Be7 13. Nc3 Nh5 14. Bxe7 Qxe7
15. Re1 Nf4 16. Bf1 Rd8 17. Qc2 Qc7 18. Nb5 Qe7 19. g3 Ng6 20. c5 Bd7 21. Qc3
f6 22. Nc7 Rab8 23. Nd5 Qf7 24. Nb6 Nge5 25. Nxe5 Nxe5 26. f4 Ng6 27. f5 Ne5
28. Nc4 Bc6 29. Nxe5 fxe5 30. Rxe5 exf5 1/2-1/2

[Event "Westerndorf St.Peter/Rosenheim"]
[Site "Westerndorf St.Peter/Rosenheim"]
[Date "2015.08.24"]
[Round "4.15"]
[White "Lederle, Vitus"]
[Black "Prediger, Rupert"]
[Result "1/2-1/2"]
[WhiteElo "2215"]
[BlackElo "2279"]
[PlyCount "20"]
[EventDate "2015.??.??"]
[WhiteTeam "SC Dillingen"]
[BlackTeam "SG Pang-Rosenheim 1910"]

1. e4 Nf6 2. e5 Nd5 3. Nc3 Nxc3 4. dxc3 d6 5. Nf3 dxe5 6. Qxd8+ Kxd8 7. Nxe5
Ke8 8. Bc4 e6 9. Be3 Nd7 10. Bb5 c6 1/2-1/2

[Event "Westerndorf St.Peter/Rosenheim"]
[Site "Westerndorf St.Peter/Rosenheim"]
[Date "2015.08.24"]
[Round "4.16"]
[White "Kretschel, Klaus"]
[Black "Lorenz, Mark"]
[Result "0-1"]
[WhiteElo "2029"]
[BlackElo "2222"]
[PlyCount "88"]
[EventDate "2015.??.??"]
[WhiteTeam "TuS Fürstenfeldbruck"]
[BlackTeam "1. FC Marktleuthen"]

1. Nf3 Nf6 2. c4 e6 3. Nc3 b6 4. e3 Bb7 5. Be2 d5 6. b3 Bd6 7. O-O Nbd7 8. Bb2
O-O 9. cxd5 exd5 10. Nb5 Be7 11. Nbd4 c6 12. Nf5 Bc5 13. d4 Bb4 14. a3 Be7 15.
Nxe7+ Qxe7 16. a4 Rfe8 17. Ba3 Qd8 18. Bd6 a5 19. Qc2 Ne4 20. Bf4 Nf8 21. h3
Qe7 22. Bd3 Rac8 23. Nd2 Ng6 24. Bxe4 dxe4 25. Bg3 c5 26. dxc5 Rxc5 27. Qb2 Rd5
28. Rfc1 Qb4 29. Nc4 Ba6 30. Qa3 Qxa3 31. Nxa3 Nf8 32. Nc4 Re6 33. Rc3 f6 34.
h4 Nd7 35. Rac1 h5 36. Bf4 Kh7 37. f3 Bxc4 38. fxe4 Rd3 39. bxc4 Rxc3 40. Rxc3
Nc5 41. Ra3 Nxe4 42. Rd3 Rc6 43. Rd4 Nc5 44. Rd5 Kg6 0-1

[Event "Westerndorf St.Peter/Rosenheim"]
[Site "Westerndorf St.Peter/Rosenheim"]
[Date "2015.08.24"]
[Round "4.17"]
[White "Basener, Winfried"]
[Black "Hinterreiter, Markus"]
[Result "0-1"]
[WhiteElo "2148"]
[BlackElo "2035"]
[PlyCount "106"]
[EventDate "2015.??.??"]
[WhiteTeam "SC Neuhausen 1908"]
[BlackTeam "TSV Trostberg"]

1. e4 c5 2. Nf3 Nc6 3. d4 cxd4 4. Nxd4 Nf6 5. Nc3 e5 6. Ndb5 d6 7. Bg5 a6 8.
Na3 b5 9. Nd5 Be7 10. Bxf6 Bxf6 11. c3 Bg5 12. Nc2 Rb8 13. Bd3 O-O 14. h4 Bh6
15. Qh5 Be6 16. Nce3 Bxe3 17. Nxe3 b4 18. c4 b3 19. a3 Qa5+ 20. Kf1 Nd4 21. Rd1
Qd8 22. g3 Qf6 23. Kg2 g6 24. Qh6 Qf3+ 25. Kg1 f5 26. exf5 Bxf5 27. Nxf5 Qxd1+
28. Kh2 Nxf5 29. Qxf8+ Rxf8 30. Rxd1 Nd4 31. Kg2 a5 32. Be4 Kf7 33. h5 Rc8 34.
hxg6+ hxg6 35. Bd5+ Kf6 36. Rh1 Kg7 37. Rd1 g5 38. Rd3 Kf6 39. Rd1 Rh8 40. Rd3
Ke7 41. Rd1 Kd7 42. Rh1 Rxh1 43. Kxh1 Ne6 44. Bxe6+ Kxe6 45. Kg2 d5 46. cxd5+
Kxd5 47. Kf3 Kd4 48. Ke2 g4 49. a4 Ke4 50. f3+ gxf3+ 51. Kf2 Kd3 52. Kxf3 e4+
53. Kf2 Kd2 0-1

[Event "Westerndorf St.Peter/Rosenheim"]
[Site "Westerndorf St.Peter/Rosenheim"]
[Date "2015.08.25"]
[Round "5.1"]
[White "Knoblauch, Leonhard"]
[Black "Baldauf, Marco"]
[Result "1-0"]
[WhiteElo "2136"]
[BlackElo "2413"]
[PlyCount "119"]
[EventDate "2015.??.??"]
[WhiteTeam "SV Ilmmünster"]
[BlackTeam "SG Pang-Rosenheim 1910"]

1. e4 e5 2. Nf3 Nc6 3. d4 exd4 4. Nxd4 Bc5 5. Nb3 Bb6 6. Nc3 Nf6 7. Qe2 d6 8.
Be3 Be6 9. O-O-O Qe7 10. f3 O-O-O 11. Bxb6 axb6 12. Nd4 Nxd4 13. Rxd4 Bd7 14.
Qe3 Rhe8 15. Bc4 Bc6 16. Rhd1 h6 17. Kb1 Qf8 18. Qd2 Re5 19. Qd3 Qe8 20. Bd5
Nxd5 21. Nxd5 Bxd5 22. Rxd5 Qe6 23. Qd4 f6 24. a3 Re8 25. Rd3 g5 26. b3 h5 27.
a4 g4 28. a5 bxa5 29. Qa7 Rxd5 30. Rxd5 gxf3 31. gxf3 b6 32. Rxh5 Qf7 33. Qa6+
Kb8 34. Qb5 Rg8 35. Qf5 Qe7 36. Qd5 Re8 37. h4 Qg7 38. Rf5 Rg8 39. Rxf6 Rh8 40.
Qg5 Qh7 41. Rf4 Rg8 42. Qf6 Rg1+ 43. Kb2 Rg8 44. Rf5 Qd7 45. Rg5 Rc8 46. h5 a4
47. h6 axb3 48. Kxb3 Kb7 49. Qf5 Qxf5 50. Rxf5 Rh8 51. Rf6 Kc8 52. Rg6 Kd7 53.
Kc4 Ke7 54. f4 Kf7 55. f5 Re8 56. Re6 Ra8 57. Kd4 Ra4+ 58. c4 b5 59. Re8 Rxc4+
60. Kd3 1-0

[Event "Westerndorf St.Peter/Rosenheim"]
[Site "Westerndorf St.Peter/Rosenheim"]
[Date "2015.08.25"]
[Round "5.2"]
[White "Manakov, Ilya"]
[Black "Wisnet, Dominic"]
[Result "1-0"]
[WhiteElo "2340"]
[BlackElo "2249"]
[PlyCount "91"]
[EventDate "2015.??.??"]
[WhiteTeam "TV Tegernsee"]
[BlackTeam "SV Röhrnbach"]

1. e4 c5 2. Be2 Nc6 3. f4 Nf6 4. d3 d6 5. Nf3 Bg4 6. O-O e6 7. Nbd2 d5 8. e5
Nd7 9. Qe1 Be7 10. Qg3 Bxf3 11. Nxf3 g6 12. c3 b5 13. a3 Nb6 14. Qf2 Rc8 15.
Be3 a6 16. Rac1 O-O 17. Kh1 Na4 18. Bd1 Nb6 19. Bc2 Nd7 20. g4 f6 21. d4 cxd4
22. cxd4 f5 23. gxf5 gxf5 24. Rg1+ Kh8 25. Qg3 Rg8 26. Qh3 Qf8 27. Qh5 Na5 28.
Rxg8+ Qxg8 29. Rg1 Qe8 30. Qh6 Qf7 31. Bxf5 exf5 32. e6 Bf8 33. exd7 Qxd7 34.
Qg5 Bg7 35. Ne5 Bxe5 36. fxe5 Qf7 37. Qh6 Rc6 38. Qh4 Nb7 39. Bg5 Rg6 40. Rc1
Qd7 41. b4 Kg8 42. Bf6 h6 43. Qh5 Kh7 44. e6 Qe8 45. Rc7+ Kg8 46. Rg7+ 1-0

[Event "Westerndorf St.Peter/Rosenheim"]
[Site "Westerndorf St.Peter/Rosenheim"]
[Date "2015.08.25"]
[Round "5.3"]
[White "Schmid, Roland"]
[Black "Großhans, Ralf-Michael"]
[Result "1/2-1/2"]
[WhiteElo "2326"]
[BlackElo "2135"]
[PlyCount "55"]
[EventDate "2015.??.??"]
[WhiteTeam "SG Post/Süd Regensburg"]
[BlackTeam "SK Weidhausen 1989"]

1. d4 Nf6 2. c4 d6 3. Nc3 Nbd7 4. e4 e5 5. d5 Nc5 6. f3 a5 7. Be3 Be7 8. Qd2 h6
9. O-O-O Nh7 10. g3 f5 11. exf5 Bxf5 12. Bxc5 dxc5 13. Bd3 O-O 14. Kb1 Qd7 15.
Nge2 Ng5 16. f4 Nf7 17. Rhf1 exf4 18. Nxf4 Nd6 19. Bxf5 Qxf5+ 20. Ka1 Bg5 21.
Qe2 Bxf4 22. Rxf4 Qg6 23. Rxf8+ Rxf8 24. Nb5 Re8 25. Qf2 Nxb5 26. cxb5 b6 27.
a3 Qd6 28. Qf3 1/2-1/2